[Event "Eliminacje Strefowe do MPJ WP+ZP - D-13"]
[Site "Skorzecin"]
[Date "2018.09.24"]
[Round "1.2"]
[White "Pietrykowska, Agata"]
[Black "Cieslak, Emilia"]
[Result "1/2-1/2"]
[BlackElo "1137"]
[WhiteElo "1182"]
[LiveChessVersion "1.4.8"]

1. Nf3 {[%clk 1:30:57]} Nf6 {[%clk 1:30:51]} 2. g3 {[%clk 1:31:17]} d5
{[%clk 1:31:11]} 3. d4 {[%clk 1:31:43]} e6 {[%clk 1:31:00]} 4. Bg2
{[%clk 1:31:33]} Nc6 {[%clk 1:30:10]} 5. O-O {[%clk 1:31:39]} Be7
{[%clk 1:29:33]} 6. e3 {[%clk 1:31:14]} O-O {[%clk 1:28:48]} 7. b3
{[%clk 1:30:06]} Bd7 {[%clk 1:25:53]} 8. c4 {[%clk 1:28:16]} dxc4
{[%clk 1:18:09]} 9. bxc4 {[%clk 1:28:32]} Bb4 {[%clk 1:11:36]} 10. Bd2
{[%clk 1:26:30]} Bxd2 {[%clk 1:10:49]} 11. Nbxd2 {[%clk 1:25:19]} Re8
{[%clk 1:04:03]} 12. Rb1 {[%clk 1:23:06]} Rb8 {[%clk 1:00:20]} 13. Ne5
{[%clk 1:13:46]} h6 {[%clk 0:49:58]} 14. Nxc6 {[%clk 1:12:50]} Bxc6
{[%clk 0:49:59]} 15. Bxc6 {[%clk 1:13:15]} bxc6 {[%clk 0:50:14]} 16. Nf3
{[%clk 1:11:53]} Ne4 {[%clk 0:45:46]} 17. Qd3 {[%clk 1:09:25]} Nc5
{[%clk 0:38:16]} 18. Qa3 {[%clk 1:08:26]} Nd7 {[%clk 0:35:55]} 19. Rfd1
{[%clk 1:05:48]} Rxb1 {[%clk 0:28:09]} 20. Rxb1 {[%clk 1:06:14]} Qa8
{[%clk 0:27:49]} 21. c5 {[%clk 1:01:39]} Rb8 {[%clk 0:26:24]} 22. Rxb8+
{[%clk 1:01:13]} Qxb8 {[%clk 0:26:45]} 23. Qb3 {[%clk 0:59:39]} Qxb3 24. axb3
{[%clk 1:00:03]} Kf8 {[%clk 0:26:34]} 25. Kf1 {[%clk 1:00:22]} Ke7
{[%clk 0:26:30]} 26. Ke2 {[%clk 1:00:45]} g5 {[%clk 0:25:32]} 27. h4
{[%clk 0:57:56]} g4 {[%clk 0:25:15]} 28. Nd2 {[%clk 0:58:00]} f5 {[%clk 0:23:34]}
29. Nc4 {[%clk 0:57:38]} Kf6 {[%clk 0:22:49]} 30. f4 {[%clk 0:56:08]} h5 1/2-1/2

[Event "Eliminacje Strefowe do MPJ WP+ZP - D-13"]
[Site "Skorzecin"]
[Date "2018.09.24"]
[Round "1.3"]
[White "Zalog, Aleksandra"]
[Black "Rozumek, Paulina"]
[Result "1-0"]
[BlackElo "1023"]
[WhiteElo "1121"]
[LiveChessVersion "1.4.8"]

1. d4 {[%clk 1:30:59]} d5 {[%clk 1:30:38]} 2. Bf4 {[%clk 1:31:17]} Bf5
{[%clk 1:30:37]} 3. e3 {[%clk 1:31:06]} e6 {[%clk 1:30:50]} 4. a3
{[%clk 1:31:10]} Bd6 {[%clk 1:29:56]} 5. Bxd6 {[%clk 1:28:41]} Qxd6
{[%clk 1:30:00]} 6. Bd3 {[%clk 1:28:16]} Bxd3 {[%clk 1:29:41]} 7. Qxd3
{[%clk 1:28:34]} Nf6 {[%clk 1:28:44]} 8. Nc3 {[%clk 1:25:45]} O-O
{[%clk 1:28:15]} 9. Nf3 {[%clk 1:26:09]} c5 {[%clk 1:27:46]} 10. O-O
{[%clk 1:25:28]} Nc6 {[%clk 1:26:49]} 11. Rfe1 {[%clk 1:24:54]} c4
{[%clk 1:25:53]} 12. Qe2 {[%clk 1:24:50]} Rfe8 {[%clk 1:25:38]} 13. e4
{[%clk 1:13:51]} e5 {[%clk 1:23:05]} 14. Nxd5 {[%clk 1:10:31]} Nxd4
{[%clk 1:20:26]} 15. Nxf6+ {[%clk 1:10:38]} Qxf6 {[%clk 1:20:33]} 16. Nxd4
{[%clk 1:10:29]} exd4 {[%clk 1:20:22]} 17. Qxc4 {[%clk 1:10:51]} Qe5
{[%clk 1:19:49]} 18. Qd5 {[%clk 1:10:57]} Rad8 {[%clk 1:18:08]} 19. Qxe5
{[%clk 1:11:11]} Rxe5 {[%clk 1:18:22]} 20. Rad1 {[%clk 1:11:33]} g6
{[%clk 1:16:39]} 21. f4 {[%clk 1:11:22]} Rc5 {[%clk 1:15:36]} 22. Re2
{[%clk 1:11:17]} a5 {[%clk 1:14:52]} 23. Rd3 {[%clk 1:11:35]} b5 {[%clk 1:13:58]}
24. c3 {[%clk 1:11:57]} Rc4 {[%clk 1:13:24]} 25. Red2 {[%clk 1:11:52]} b4
{[%clk 1:11:58]} 26. Rxd4 {[%clk 1:11:59]} Rdxd4 {[%clk 1:11:50]} 27. Rxd4
{[%clk 1:12:23]} Rc5 {[%clk 1:12:06]} 28. axb4 {[%clk 1:12:36]} axb4
{[%clk 1:12:25]} 29. Rxb4 {[%clk 1:12:53]} Rh5 {[%clk 1:12:30]} 30. c4
{[%clk 1:12:56]} Rh4 {[%clk 1:12:44]} 31. g3 {[%clk 1:13:18]} Rh5
{[%clk 1:12:45]} 32. Rb5 {[%clk 1:13:41]} Rxb5 {[%clk 1:10:45]} 33. cxb5
{[%clk 1:14:05]} h5 {[%clk 1:11:06]} 34. b6 {[%clk 1:14:30]} Kh7 {[%clk 1:11:25]}
35. b7 {[%clk 1:14:53]} Kg7 {[%clk 1:11:45]} 36. b8=Q {[%clk 1:15:17]} Kh7
{[%clk 1:12:07]} 37. e5 {[%clk 1:15:34]} Kg7 {[%clk 1:12:21]} 38. Qc7
{[%clk 1:15:54]} Kh7 {[%clk 1:12:39]} 39. Qxf7+ {[%clk 1:15:58]} Kh8
{[%clk 1:12:43]} 40. e6 {[%clk 1:16:18]} g5 {[%clk 1:12:50]} 41. e7
{[%clk 1:16:41]} gxf4 {[%clk 1:13:09]} 42. e8=R# {[%clk 1:17:03]} 1-0

[Event "Eliminacje Strefowe do MPJ WP+ZP - D-13"]
[Site "Skorzecin"]
[Date "2018.09.24"]
[Round "1.4"]
[White "Franek, Diana"]
[Black "Barwinska, Ewa"]
[Result "0-1"]
[BlackElo "1532"]
[WhiteElo "1247"]
[LiveChessVersion "1.4.8"]

1. e4 {[%clk 1:30:58]} c5 {[%clk 1:30:50]} 2. Nf3 {[%clk 1:31:20]} d6
{[%clk 1:31:09]} 3. d4 {[%clk 1:31:43]} cxd4 {[%clk 1:31:26]} 4. Nxd4
{[%clk 1:32:02]} Nf6 {[%clk 1:31:45]} 5. Nc3 {[%clk 1:32:17]} a6 {[%clk 1:31:39]}
6. Bd3 {[%clk 1:31:02]} e5 {[%clk 1:31:11]} 7. Nde2 {[%clk 1:30:41]} Be6
{[%clk 1:30:29]} 8. h3 {[%clk 1:26:38]} Be7 {[%clk 1:28:36]} 9. Ng3
{[%clk 1:26:07]} d5 {[%clk 1:23:13]} 10. O-O {[%clk 1:24:53]} O-O
{[%clk 1:20:59]} 11. a3 {[%clk 1:24:20]} Nc6 {[%clk 1:18:57]} 12. exd5
{[%clk 1:20:36]} Bxd5 {[%clk 1:11:06]} 13. Nxd5 {[%clk 1:19:09]} Qxd5
{[%clk 1:11:25]} 14. Nh5 {[%clk 1:18:47]} e4 {[%clk 1:08:58]} 15. Be2
{[%clk 1:18:44]} Rfd8 {[%clk 1:06:37]} 16. Be3 {[%clk 1:17:32]} Nxh5
{[%clk 1:05:57]} 17. Bxh5 {[%clk 1:16:35]} Qe5 {[%clk 1:05:53]} 18. Qe2
{[%clk 1:14:50]} g6 {[%clk 1:05:01]} 19. Bb6 {[%clk 1:11:28]} Rf8
{[%clk 1:00:17]} 20. Bg4 {[%clk 1:10:42]} Bd6 {[%clk 0:57:45]} 21. g3
{[%clk 1:10:03]} h5 {[%clk 0:48:54]} 22. Bd7 {[%clk 1:09:36]} h4 {[%clk 0:47:56]}
23. Rad1 {[%clk 1:05:25]} hxg3 {[%clk 0:46:57]} 24. f4 {[%clk 1:03:06]} exf3
{[%clk 0:46:27]} 25. Qxf3 {[%clk 0:55:15]} Bc5+ {[%clk 0:44:19]} 26. Bxc5
{[%clk 0:54:41]} Qxc5+ {[%clk 0:44:43]} 27. Kh1 {[%clk 0:54:39]} Ne5
{[%clk 0:40:54]} 28. Qxg3 {[%clk 0:53:06]} Nxd7 {[%clk 0:41:10]} 29. Rd6
{[%clk 0:49:24]} Ne5 {[%clk 0:38:39]} 30. Rdf6 {[%clk 0:49:16]} Qd5+
{[%clk 0:38:34]} 31. Kg1 {[%clk 0:49:14]} Kg7 {[%clk 0:37:28]} 32. R6f5
{[%clk 0:49:01]} Qd4+ {[%clk 0:37:20]} 33. Kh1 {[%clk 0:48:59]} Qe4+
{[%clk 0:37:28]} 34. Kg1 {[%clk 0:48:57]} Qd4+ {[%clk 0:36:28]} 35. Kh1
{[%clk 0:49:09]} Nc4 {[%clk 0:35:55]} 36. h4 {[%clk 0:47:01]} Qe4+
{[%clk 0:36:09]} 37. Kg1 {[%clk 0:46:53]} Qe3+ {[%clk 0:36:08]} 38. Qf2
{[%clk 0:46:12]} gxf5 {[%clk 0:36:26]} 39. Qxe3 {[%clk 0:46:20]} Nxe3
{[%clk 0:36:44]} 0-1

[Event "Eliminacje Strefowe do MPJ WP+ZP - D-13"]
[Site "Skorzecin"]
[Date "2018.09.25"]
[Round "2.1"]
[White "Rozumek, Paulina"]
[Black "Franek, Diana"]
[Result "1/2-1/2"]
[BlackElo "1247"]
[WhiteElo "1023"]
[LiveChessVersion "1.4.8"]

1. Nf3 {[%clk 1:30:57]} Nc6 {[%clk 1:30:48]} 2. b3 {[%clk 1:31:18]} e5
{[%clk 1:29:47]} 3. Bb2 {[%clk 1:30:53]} d6 {[%clk 1:29:54]} 4. e3
{[%clk 1:30:00]} a6 {[%clk 1:28:37]} 5. g3 {[%clk 1:28:32]} Nf6 {[%clk 1:27:42]}
6. d3 {[%clk 1:26:04]} Qe7 {[%clk 1:27:14]} 7. Nbd2 {[%clk 1:23:53]} Bd7
{[%clk 1:20:46]} 8. Bg2 {[%clk 1:20:50]} O-O-O {[%clk 1:20:36]} 9. O-O
{[%clk 1:21:06]} h5 {[%clk 1:17:16]} 10. c4 {[%clk 1:20:13]} Bg4 {[%clk 1:16:28]}
11. a3 {[%clk 1:19:43]} Qd7 {[%clk 1:12:42]} 12. b4 {[%clk 1:18:22]} h4
{[%clk 1:12:24]} 13. b5 {[%clk 1:16:59]} Nb8 {[%clk 1:11:27]} 14. Qb3
{[%clk 1:15:41]} hxg3 {[%clk 1:09:24]} 15. bxa6 {[%clk 1:15:03]} Nxa6
{[%clk 1:03:23]} 16. Nxe5 {[%clk 1:12:14]} gxh2+ {[%clk 1:03:06]} 17. Kh1
{[%clk 1:12:35]} Nc5 {[%clk 1:03:30]} 18. Bxb7+ {[%clk 1:11:53]} Nxb7
{[%clk 0:59:02]} 19. Nxd7 {[%clk 1:12:07]} Bxd7 {[%clk 0:58:56]} 20. f3
{[%clk 1:11:01]} Re8 {[%clk 0:57:52]} 21. Rf2 {[%clk 1:10:44]} Rxe3
{[%clk 0:55:20]} 22. Qc3 {[%clk 1:10:47]} Ng4 {[%clk 0:53:05]} 23. fxg4
{[%clk 1:09:27]} Bc6+ {[%clk 0:53:15]} 24. Ne4 {[%clk 1:09:13]} Bxe4+
{[%clk 0:51:38]} 25. dxe4 {[%clk 1:09:27]} Rxc3 {[%clk 0:51:43]} 26. Bxc3
{[%clk 1:09:44]} f6 {[%clk 0:51:42]} 27. Rxh2 {[%clk 1:09:40]} Rxh2+
{[%clk 0:51:54]} 28. Kxh2 {[%clk 1:10:01]} Nc5 {[%clk 0:51:49]} 29. Bb4
{[%clk 1:09:58]} Nd7 {[%clk 0:51:39]} 30. a4 {[%clk 1:10:05]} Ne5
{[%clk 0:51:56]} 31. Kh3 {[%clk 1:10:08]} Nxc4 {[%clk 0:51:58]} 32. a5
{[%clk 1:10:26]} Kb7 {[%clk 0:51:06]} 33. Rb1 {[%clk 1:09:50]} Ka6
{[%clk 0:51:10]} 34. Bc3 {[%clk 1:10:06]} Be7 {[%clk 0:50:08]} 35. Rb8
{[%clk 1:10:07]} Ne5 {[%clk 0:47:59]} 36. Rg8 {[%clk 1:09:22]} g5
{[%clk 0:47:01]} 37. Rb8 {[%clk 1:07:14]} Ka7 {[%clk 0:43:37]} 38. Rb2
{[%clk 1:05:47]} Nd3 {[%clk 0:42:20]} 39. Rb3 {[%clk 1:04:20]} Nf2+
{[%clk 0:41:26]} 40. Kg2 {[%clk 1:04:12]} Nxg4 {[%clk 0:40:28]} 41. Kg3
{[%clk 1:03:53]} Ne5 {[%clk 0:39:53]} 42. Rb1 {[%clk 1:02:13]} Nd3
{[%clk 0:38:58]} 43. Rd1 {[%clk 1:02:03]} Nf4 {[%clk 0:38:04]} 44. Bd2
{[%clk 1:01:55]} Ne6 {[%clk 0:37:31]} 45. Kg4 {[%clk 1:01:55]} Ng7
{[%clk 0:36:18]} 46. Rh1 {[%clk 1:02:04]} Ne6 {[%clk 0:34:29]} 47. Kf5
{[%clk 1:02:13]} Nd4+ {[%clk 0:33:35]} 48. Kg6 {[%clk 1:02:35]} Nc6
{[%clk 0:33:15]} 1/2-1/2

[Event "Eliminacje Strefowe do MPJ WP+ZP - D-13"]
[Site "Skorzecin"]
[Date "2018.09.25"]
[Round "2.2"]
[White "Cieslak, Emilia"]
[Black "Zalog, Aleksandra"]
[Result "1/2-1/2"]
[BlackElo "1121"]
[WhiteElo "1137"]
[LiveChessVersion "1.4.8"]

1. e4 {[%clk 1:30:58]} c6 {[%clk 1:30:50]} 2. d4 {[%clk 1:31:19]} d5
{[%clk 1:31:11]} 3. Nc3 {[%clk 1:31:37]} dxe4 {[%clk 1:31:27]} 4. Nxe4
{[%clk 1:31:53]} Bf5 {[%clk 1:31:40]} 5. Ng3 {[%clk 1:32:06]} Bg6
{[%clk 1:31:54]} 6. h4 {[%clk 1:32:06]} h6 {[%clk 1:32:15]} 7. Nf3
{[%clk 1:32:25]} Nd7 {[%clk 1:32:10]} 8. h5 {[%clk 1:32:27]} Bh7 {[%clk 1:32:26]}
9. Bd3 {[%clk 1:32:35]} Bxd3 {[%clk 1:31:37]} 10. Qxd3 Ngf6 {[%clk 1:31:59]} 11.
O-O {[%clk 1:30:39]} Qc7 {[%clk 1:32:20]} 12. Bd2 {[%clk 1:23:15]} e6
{[%clk 1:26:50]} 13. c4 {[%clk 1:22:34]} Bd6 {[%clk 1:25:24]} 14. Ne4
{[%clk 1:14:30]} Nxe4 {[%clk 1:25:11]} 15. Qxe4 {[%clk 1:14:36]} Nf6
{[%clk 1:25:27]} 16. Qh4 {[%clk 1:12:10]} O-O-O {[%clk 1:16:39]} 17. c5
{[%clk 1:09:29]} Be7 {[%clk 1:16:48]} 18. a4 {[%clk 1:06:23]} Rd5
{[%clk 1:15:50]} 19. Ne5 {[%clk 1:02:14]} Bxc5 {[%clk 1:16:05]} 20. Bc3
{[%clk 0:55:33]} Bd6 {[%clk 1:13:59]} 21. Qg3 {[%clk 0:52:44]} Nxh5
{[%clk 1:10:58]} 22. Qg4 {[%clk 0:52:38]} Bxe5 {[%clk 1:10:47]} 23. dxe5
{[%clk 0:52:51]} g6 {[%clk 1:10:41]} 24. Qf3 {[%clk 0:51:18]} Qe7
{[%clk 1:09:14]} 25. g4 {[%clk 0:48:13]} Ng7 {[%clk 1:08:36]} 26. Qe3
{[%clk 0:45:42]} b6 {[%clk 1:07:04]} 27. a5 {[%clk 0:44:59]} Rb5 {[%clk 1:03:21]}
28. axb6 {[%clk 0:44:12]} Rxb6 {[%clk 0:49:43]} 29. Bd4 {[%clk 0:44:15]} Rb7
{[%clk 0:50:02]} 30. Rxa7 {[%clk 0:44:11]} Rxa7 {[%clk 0:50:25]} 31. Bxa7
{[%clk 0:44:33]} Qg5 {[%clk 0:49:35]} 32. Qf3 {[%clk 0:39:13]} Ne8
{[%clk 0:47:26]} 33. Qxc6+ {[%clk 0:38:06]} Nc7 {[%clk 0:47:50]} 34. Rc1
{[%clk 0:34:33]} Qxg4+ {[%clk 0:43:21]} 35. Kf1 {[%clk 0:32:28]} Qh3+
{[%clk 0:43:28]} 36. Ke2 {[%clk 0:31:25]} Qh5+ {[%clk 0:43:31]} 37. Kf1
{[%clk 0:28:24]} Qxe5 {[%clk 0:43:32]} 38. Bb6 {[%clk 0:27:59]} Qh2
{[%clk 0:42:58]} 39. Qxc7+ {[%clk 0:28:16]} Qxc7 {[%clk 0:43:21]} 40. Rxc7+
{[%clk 0:28:40]} Kb8 {[%clk 0:43:39]} 41. Rxf7 {[%clk 0:28:56]} h5
{[%clk 0:43:32]} 42. Bc7+ {[%clk 0:27:20]} Kc8 {[%clk 0:43:49]} 43. Bh2
{[%clk 0:27:28]} g5 {[%clk 0:44:08]} 44. Rg7 {[%clk 0:26:59]} g4 {[%clk 0:44:31]}
45. Rg6 {[%clk 0:26:41]} Kd7 {[%clk 0:44:54]} 46. Kg2 {[%clk 0:26:16]} Rf8
{[%clk 0:45:20]} 47. Rh6 {[%clk 0:26:19]} Rf5 {[%clk 0:45:45]} 1/2-1/2

[Event "Eliminacje Strefowe do MPJ WP+ZP - D-13"]
[Site "Skorzecin"]
[Date "2018.09.25"]
[Round "2.4"]
[White "Miranowska, Anna"]
[Black "Nowak, Roksana"]
[Result "0-1"]
[BlackElo "1337"]
[WhiteElo "1339"]
[LiveChessVersion "1.4.8"]

1. d4 {[%clk 1:30:57]} Nf6 {[%clk 1:30:51]} 2. Nf3 {[%clk 1:30:28]} g6
{[%clk 1:31:13]} 3. c4 {[%clk 1:30:23]} Bg7 {[%clk 1:31:37]} 4. Nc3
{[%clk 1:30:45]} O-O {[%clk 1:32:00]} 5. Bg5 {[%clk 1:31:05]} d6 {[%clk 1:32:21]}
6. e3 {[%clk 1:31:16]} h6 {[%clk 1:32:35]} 7. Bh4 {[%clk 1:31:36]} g5
{[%clk 1:32:58]} 8. Bg3 {[%clk 1:31:59]} Nh5 {[%clk 1:32:35]} 9. Be2
{[%clk 1:31:08]} f5 {[%clk 1:27:31]} 10. Qc2 {[%clk 1:14:13]} Nd7
{[%clk 1:14:23]} 11. Rd1 {[%clk 1:12:43]} b6 {[%clk 1:08:11]} 12. O-O
{[%clk 1:04:00]} Nxg3 {[%clk 1:08:04]} 13. hxg3 {[%clk 1:04:22]} e6
{[%clk 1:04:38]} 14. d5 {[%clk 1:02:51]} e5 {[%clk 1:04:31]} 15. b4
{[%clk 0:55:16]} Qe8 {[%clk 0:54:44]} 16. Nb5 {[%clk 0:53:38]} Qd8
{[%clk 0:54:40]} 17. Nc3 {[%clk 0:49:29]} a6 {[%clk 0:54:22]} 18. Na4
{[%clk 0:47:46]} Qe7 {[%clk 0:48:28]} 19. Rc1 {[%clk 0:46:01]} Nf6
{[%clk 0:40:44]} 20. Rfd1 {[%clk 0:44:03]} Bd7 {[%clk 0:37:24]} 21. Nc3
{[%clk 0:40:35]} Qf7 {[%clk 0:34:53]} 22. Rf1 {[%clk 0:38:20]} Ng4
{[%clk 0:32:25]} 23. Nd2 {[%clk 0:30:09]} Nf6 {[%clk 0:21:59]} 24. Na4
{[%clk 0:23:49]} h5 {[%clk 0:20:08]} 25. c5 {[%clk 0:21:26]} b5 {[%clk 0:18:59]}
26. Nc3 {[%clk 0:21:12]} Ng4 {[%clk 0:13:59]} 27. c6 {[%clk 0:20:11]} Bc8
{[%clk 0:14:24]} 28. a3 {[%clk 0:14:37]} Bf6 {[%clk 0:13:55]} 29. e4
{[%clk 0:06:55]} Qh7 {[%clk 0:11:26]} 30. Bxg4 {[%clk 0:02:54]} hxg4
{[%clk 0:11:47]} 31. Rfe1 {[%clk 0:01:35]} f4 {[%clk 0:10:38]} 32. gxf4
{[%clk 0:01:41]} gxf4 {[%clk 0:11:06]} 33. Qd3 {[%clk 0:01:15]} Kg7
{[%clk 0:10:41]} 34. Rb1 {[%clk 0:00:59]} Rh8 {[%clk 0:02:29]} 35. Kf1
{[%clk 0:01:02]} Bg5 {[%clk 0:01:57]} 36. Ra1 {[%clk 0:00:43]} f3
{[%clk 0:01:23]} 37. gxf3 {[%clk 0:01:06]} Bxd2 {[%clk 0:01:35]} 38. Qxd2
{[%clk 0:01:26]} Qh1+ {[%clk 0:01:49]} 39. Ke2 {[%clk 0:01:46]} Qxf3+
{[%clk 0:02:14]} 0-1

[Event "Eliminacje Strefowe do MPJ WP+ZP - D-13"]
[Site "Skorzecin"]
[Date "2018.09.25"]
[Round "3.1"]
[White "Pietrykowska, Agata"]
[Black "Miranowska, Anna"]
[Result "0-1"]
[BlackElo "1339"]
[WhiteElo "1182"]
[LiveChessVersion "1.4.8"]

1. Nf3 {[%clk 1:30:58]} d5 {[%clk 1:28:23]} 2. d4 {[%clk 1:31:21]} Nf6
{[%clk 1:28:48]} 3. g3 {[%clk 1:31:48]} e6 {[%clk 1:29:14]} 4. Bg2
{[%clk 1:32:04]} Nbd7 {[%clk 1:29:37]} 5. O-O {[%clk 1:32:19]} Be7
{[%clk 1:30:03]} 6. Nbd2 {[%clk 1:31:38]} O-O {[%clk 1:30:17]} 7. e3
{[%clk 1:31:42]} b6 {[%clk 1:30:15]} 8. c4 {[%clk 1:29:43]} Bb7 {[%clk 1:28:57]}
9. b3 {[%clk 1:27:18]} c5 {[%clk 1:26:01]} 10. Bb2 {[%clk 1:25:25]} dxc4
{[%clk 1:24:49]} 11. Nxc4 {[%clk 1:23:21]} cxd4 {[%clk 1:24:15]} 12. Nxd4
{[%clk 1:23:03]} Bxg2 {[%clk 1:23:59]} 13. Kxg2 {[%clk 1:23:14]} Qc7
{[%clk 1:23:48]} 14. Rc1 {[%clk 1:17:10]} Qb7+ {[%clk 1:24:02]} 15. Qf3
{[%clk 1:16:22]} Qxf3+ {[%clk 1:23:09]} 16. Nxf3 {[%clk 1:16:49]} Nc5
{[%clk 1:22:02]} 17. Rfd1 {[%clk 1:13:20]} Rfd8 {[%clk 1:22:05]} 18. Nce5
{[%clk 1:12:21]} Nd5 {[%clk 1:00:29]} 19. Nc6 {[%clk 1:11:06]} Rd7
{[%clk 1:00:46]} 20. b4 {[%clk 1:05:33]} Na4 {[%clk 0:50:55]} 21. Bxg7
{[%clk 0:59:52]} Kxg7 {[%clk 0:50:30]} 22. e4 {[%clk 0:59:51]} Bf6
{[%clk 0:36:04]} 23. exd5 {[%clk 0:56:54]} Nc3 {[%clk 0:31:24]} 24. Nfe5
{[%clk 0:49:53]} Rxd5 {[%clk 0:31:09]} 25. Rxd5 {[%clk 0:49:46]} Nxd5
{[%clk 0:31:26]} 26. Re1 {[%clk 0:47:41]} b5 {[%clk 0:28:13]} 27. a3
{[%clk 0:44:16]} a6 {[%clk 0:27:07]} 28. h4 {[%clk 0:42:17]} Rc8 {[%clk 0:25:05]}
29. h5 {[%clk 0:38:23]} Nb6 {[%clk 0:24:22]} 30. f4 {[%clk 0:26:22]} h6
{[%clk 0:22:19]} 31. Kf3 {[%clk 0:21:05]} Nc4 {[%clk 0:17:21]} 32. Nxc4
{[%clk 0:18:41]} Rxc6 {[%clk 0:17:11]} 33. Ne5 {[%clk 0:18:09]} Rc2
{[%clk 0:13:07]} 34. Re2 {[%clk 0:18:29]} Rc1 {[%clk 0:13:15]} 35. Kf2
{[%clk 0:15:28]} Rh1 {[%clk 0:12:00]} 36. g4 {[%clk 0:14:01]} Rh2+
{[%clk 0:11:59]} 37. Ke3 {[%clk 0:13:40]} Rh3+ {[%clk 0:11:35]} 38. Nf3
{[%clk 0:14:03]} Rg3 {[%clk 0:09:35]} 39. Rc2 {[%clk 0:13:00]} Rxg4
{[%clk 0:06:15]} 40. Rc6 {[%clk 0:13:18]} Rg3 {[%clk 0:06:34]} 41. Rxa6
{[%clk 0:12:12]} Rh3 {[%clk 0:06:55]} 42. a4 {[%clk 0:10:34]} Rxh5
{[%clk 0:07:02]} 43. Ra5 {[%clk 0:10:38]} Bc3 {[%clk 0:05:54]} 44. Ne5
{[%clk 0:07:04]} bxa4 {[%clk 0:05:27]} 0-1

[Event "Eliminacje Strefowe do MPJ WP+ZP - D-13"]
[Site "Skorzecin"]
[Date "2018.09.25"]
[Round "3.3"]
[White "Franek, Diana"]
[Black "Cieslak, Emilia"]
[Result "1/2-1/2"]
[BlackElo "1137"]
[WhiteElo "1247"]
[LiveChessVersion "1.4.8"]

1. e4 {[%clk 1:30:59]} c6 {[%clk 1:30:55]} 2. d4 {[%clk 1:31:13]} d5
{[%clk 1:31:18]} 3. f3 {[%clk 1:31:00]} e6 {[%clk 1:28:47]} 4. Nd2
{[%clk 1:28:07]} Nf6 {[%clk 1:27:47]} 5. e5 {[%clk 1:27:42]} Nfd7
{[%clk 1:28:09]} 6. Nb3 {[%clk 1:26:03]} c5 {[%clk 1:25:52]} 7. c3
{[%clk 1:24:39]} c4 {[%clk 1:24:44]} 8. Nd2 {[%clk 1:24:48]} Nc6 {[%clk 1:24:39]}
9. b3 {[%clk 1:24:22]} b5 {[%clk 1:21:00]} 10. Bb2 {[%clk 1:23:53]} Be7
{[%clk 1:20:52]} 11. a4 {[%clk 1:22:31]} Qb6 {[%clk 1:16:16]} 12. b4
{[%clk 1:21:43]} O-O {[%clk 1:15:41]} 13. Be2 {[%clk 1:17:13]} f6
{[%clk 1:13:13]} 14. f4 {[%clk 1:16:42]} fxe5 {[%clk 1:12:44]} 15. fxe5
{[%clk 1:17:01]} Bg5 {[%clk 1:09:00]} 16. Ngf3 {[%clk 1:16:40]} Be7
{[%clk 1:04:46]} 17. a5 {[%clk 1:15:59]} Qc7 {[%clk 1:04:52]} 18. O-O
{[%clk 1:16:06]} a6 {[%clk 1:04:38]} 19. Qc2 {[%clk 1:16:15]} Bb7
{[%clk 1:02:39]} 20. Rf2 {[%clk 1:15:45]} Rf7 {[%clk 1:01:59]} 21. Raf1
{[%clk 1:16:02]} Raf8 {[%clk 1:02:06]} 22. Bc1 {[%clk 1:16:04]} Qd8
{[%clk 1:00:36]} 23. Nb1 {[%clk 1:15:17]} Rf5 {[%clk 0:57:57]} 24. Bd1
{[%clk 1:14:42]} Bc8 {[%clk 0:58:13]} 25. Ne1 {[%clk 1:14:07]} Rxf2
{[%clk 0:57:32]} 26. Rxf2 {[%clk 1:14:27]} Rxf2 {[%clk 0:57:54]} 27. Qxf2
{[%clk 1:14:50]} Bg5 {[%clk 0:57:00]} 28. Be3 {[%clk 1:13:30]} Bxe3
{[%clk 0:54:46]} 29. Qxe3 {[%clk 1:13:51]} Nf8 {[%clk 0:53:51]} 30. Bc2
{[%clk 1:13:41]} Bd7 {[%clk 0:53:29]} 31. Nf3 {[%clk 1:13:25]} Be8
{[%clk 0:52:27]} 32. Nbd2 {[%clk 1:10:39]} Bg6 {[%clk 0:52:32]} 33. Bxg6
{[%clk 1:10:32]} Nxg6 {[%clk 0:52:47]} 34. Ng5 {[%clk 1:10:37]} Qe7
{[%clk 0:49:34]} 35. Ndf3 {[%clk 1:10:05]} Nd8 {[%clk 0:46:57]} 36. Nh3
{[%clk 1:10:08]} Nf7 {[%clk 0:46:22]} 37. g3 {[%clk 1:10:03]} Nh6
{[%clk 0:45:43]} 38. Qg5 {[%clk 1:07:43]} Qf8 {[%clk 0:42:21]} 39. Kg2
{[%clk 1:03:59]} 1/2-1/2

[Event "Eliminacje Strefowe do MPJ WP+ZP - D-13"]
[Site "Skorzecin"]
[Date "2018.09.25"]
[Round "3.4"]
[White "Barwinska, Ewa"]
[Black "Rozumek, Paulina"]
[Result "1-0"]
[BlackElo "1023"]
[WhiteElo "1532"]
[LiveChessVersion "1.4.8"]

1. e4 {[%clk 1:30:57]} c6 {[%clk 1:30:53]} 2. d4 {[%clk 1:31:15]} d5
{[%clk 1:31:14]} 3. Nc3 {[%clk 1:31:37]} dxe4 {[%clk 1:31:24]} 4. Nxe4
{[%clk 1:31:44]} Bf5 {[%clk 1:31:29]} 5. Ng3 {[%clk 1:31:43]} Bg6
{[%clk 1:31:03]} 6. h4 {[%clk 1:31:32]} h6 {[%clk 1:31:04]} 7. h5
{[%clk 1:31:30]} Bh7 {[%clk 1:31:26]} 8. f4 {[%clk 1:30:38]} e6 {[%clk 1:29:42]}
9. Nf3 {[%clk 1:29:52]} Bd6 {[%clk 1:27:49]} 10. Bd3 {[%clk 1:29:07]} Bxd3
{[%clk 1:27:19]} 11. Qxd3 {[%clk 1:29:27]} Nd7 {[%clk 1:26:54]} 12. Bd2
{[%clk 1:27:55]} Qc7 {[%clk 1:26:54]} 13. Ne5 {[%clk 1:26:54]} f6
{[%clk 1:25:23]} 14. Qg6+ {[%clk 1:26:42]} Kd8 {[%clk 1:24:39]} 15. Nf7+
{[%clk 1:26:52]} Kc8 {[%clk 1:24:48]} 16. Nxh8 {[%clk 1:26:54]} Ne7
{[%clk 1:24:10]} 17. Qe8+ {[%clk 1:26:01]} Qd8 {[%clk 1:24:31]} 18. Qxd8+
{[%clk 1:26:23]} Kxd8 {[%clk 1:24:52]} 19. Nf7+ {[%clk 1:26:43]} Kc7
{[%clk 1:25:10]} 20. Ne4 {[%clk 1:26:35]} Nf5 {[%clk 1:24:32]} 21. O-O-O
{[%clk 1:25:10]} Rf8 {[%clk 1:24:42]} 22. Nfxd6 {[%clk 1:25:23]} Nxd6
{[%clk 1:24:55]} 23. Nxd6 {[%clk 1:25:36]} Kxd6 {[%clk 1:25:06]} 24. Bb4+
{[%clk 1:25:58]} c5 {[%clk 1:24:42]} 25. dxc5+ {[%clk 1:26:23]} Kc6
{[%clk 1:24:51]} 26. Rxd7 {[%clk 1:26:26]} Re8 {[%clk 1:24:12]} 27. Rhd1
{[%clk 1:26:28]} e5 {[%clk 1:23:57]} 28. R1d6+ {[%clk 1:26:46]} Kb5
{[%clk 1:24:12]} 29. Rxb7+ {[%clk 1:27:10]} Kc4 {[%clk 1:24:29]} 30. b3#
{[%clk 1:27:36]} 1-0